000 00368nam a2200157Ia 4500
003 OSt
005 20240104153722.0
008 170523s9999 xx 000 0 und d
020 _a9780074517703
040 _ciimt university meerut
100 _aMONAPPA- ARUN
245 0 _aINDUSTRIAL RELATIONS
260 _bDELHI TATA MC GRAW HILL
260 _c1998
942 _2ddc
_c02
999 _c50
_d50